000 00678nam a2200289Ia 4500
008 160803s9999 xx 000 0 und d
020 _a978-0316011709
100 _aAbbott, Tony
245 _aFiregirl /
245 _cTony Abbott.
260 _aNew York :
260 _bScholastic Inc.
260 _c2006
300 _a145 pages ;
300 _c20 cm
650 _aBurns and scalds --
650 _aCatholic schools --
650 _aComing of age --
650 _aDisfigured persons --
650 _aSchools --
650 _xFiction.
650 _xFiction.
650 _xFiction.
650 _xFiction.
650 _xFiction.
700 _a670
999 _c298513
_d298513